| 000 | 00735nam a22002057a 4500 | ||
|---|---|---|---|
| 999 |
_c63962 _d63962 |
||
| 003 | Ge_BSU | ||
| 005 | 20260227112552.0 | ||
| 008 | 260227s1999 eng||||| |||| 00| 0 eng d | ||
| 020 | _a9780195123203x | ||
| 041 | _aeng | ||
| 080 | _a629.33(520) F-96 | ||
| 100 |
_aFujimoto, Takahiro _927009 |
||
| 245 |
_aThe evolution of a manufacturing system at Toyota / _cTakahiro Fujimoto. |
||
| 264 |
_aNew York ; _bOxford Univ. press, _c1999. |
||
| 300 |
_a380 p.; _b25 cm. |
||
| 504 | _aBibliogr.: p. 349-364 | ||
| 653 | _aავტომობილების წარმოება იაპონიაში | ||
| 653 | _a"ტოიოტა"-საავტომობილი ფირმა. | ||
| 942 |
_2udc _cᲬᲘᲒᲜᲘ |
||